000 00343nam a2200133Ia 4500
008 240624s9999 xx 000 0 und d
041 _aeng
082 _a658.4063 STA
100 _aSTAMM BETTINA VON
245 _aINNOVATION WAVE MEETING THE CORPORATE CH
260 _c2003
_aEngland
_bWiley
300 _avii, 216 p.; 23 cm.
365 _c
_b28
999 _c29434
_d29434